Pruebas letra por letra #1. Comunidades Autónomas de España - Estadísticas

Estadísticas generales
  • Esta prueba ha sido intentada 345 veces
  • La puntuación promedio es 145 de 161
Estadísticas de respuestas
Respuestas % Correcto
a
99%
A
99%
c
99%
C
99%
m
92%
M
92%
e
90%
E
90%
i
90%
í
90%
I
90%
l
90%
L
90%
n
90%
N
90%
d
88%
G
87%
g
87%
r
87%
R
87%
s
84%
t
84%
u
82%
o
81%
ó
81%
V
75%
v
75%
b
72%
B
72%
h
62%
y
60%
x
59%
j
50%
No se encontraron pruebas coincidentes
Distribución de puntuación
Porcentaje de gente con cada puntuación
Porcentaje por número respondido
Historial de tus puntuaciones
No has intentado esta prueba.